Statistics for Months in Western Europe

Click here to take the quiz!

General Stats

  • This quiz has been taken 45 times
  • The average score is 40 of 72

Answer Stats

Hint Answer % Correct
Juli
100%
Juni
95%
Mai
93%
August
89%
Novembre
86%
April
84%
Januar
82%
Décembre
82%
Septembre
82%
Februar
80%
November
80%
Octobre
80%
September
80%
Maerz/ März
77%
Avril
75%
Mars
73%
Oktober
73%
Janvier
68%
Julio
68%
December
66%
Junio
64%
Mayo
64%
Février
64%
Août
61%
Dezember
61%
Marzo
61%
Febrero
57%
Abril
57%
Enero
57%
Juin
57%
Septiembre
55%
Noviembre
55%
Octubre
52%
Diciembre
50%
Juillet
48%
Agosto
45%
Januari
41%
Februari
39%
Dicembre
36%
Augustus
34%
Mei
34%
Ottobre
32%
Settembre
32%
Aprile
30%
Maart
27%
Gennaio
23%
Febbraio
20%
Janeiro
20%
Giugno
20%
Maio
20%
Maggio
18%
Luglio
18%
Novembro
16%
Junho
14%
Julho
14%
Março
14%
Setembro
11%
Dezembro
11%
Outubro
11%
Fevereiro
7%

Score Distribution

Percentile by Number Answered

Percent of People with Each Score

Your Score History

You have not taken this quiz